000 00241nam a22000857a 4500
008 161117b xxu||||| |||| 00| 0 eng d
100 _91279
_aGupta. H. R
245 _aIntroductory information technology - IX and X
260 _aNew delhi
_bCBSC
_c2001
999 _c3983
_d3983